000 00533nab a2200193 4500
999 _c370743
_d370743
001 242935
003 OSt
005 20210907114902.0
007 tu
008 190522s2019|||||||
040 _aDE-2950
_cDE-2950
245 0 0 _aFrankfurt macht Frieden - mit der wohl längsten Kranichkette der Welt /
_cStefan Kunath
264 _c2019
500 _aFormat: 1
525 _aEnthaltene Fotografien: Foto
653 _aAtombombenabwurf auf Hiroshima / 76. Jahrestag
773 0 _g26. August, 8/2021, S. 6
_tRoter Hahn
942 _2z
_cA